| 000 | 00572nam a2200205Ia 4500 | ||
|---|---|---|---|
| 003 | 0100 | ||
| 008 | 130227s9999 xx 000 0 und d | ||
| 040 | _cARRUPELIB | ||
| 050 | _aQ125.2.A835 | ||
| 100 | _aAshworth, William B. | ||
| 245 | _aJesuit science in the age of Galileo | ||
| 245 | _bAn exhibition of rare books from the History of Science Collection March 24 - July 31, 1986 | ||
| 260 | _aKansas City | ||
| 260 | _bLinda Hall Library | ||
| 260 | _C1986 | ||
| 300 | _a32p | ||
| 300 | _b 25cm | ||
| 650 | _bSpiritual Exercises - History | ||
| 942 |
_2lcc _04 |
||
| 999 |
_c3033 _d3033 |
||